Transfer and business taxation made easy 1999 ed./ (Record no. 6253)

MARC details
000 -LEADER
fixed length control field 00592nam a22001937a 4500
003 - CONTROL NUMBER IDENTIFIER
control field OSt
005 - DATE AND TIME OF LATEST TRANSACTION
control field 20251125115210.0
008 - FIXED-LENGTH DATA ELEMENTS--GENERAL INFORMATION
fixed length control field 251125b |||||||| |||| 00| 0 eng d
040 ## - CATALOGING SOURCE
Original cataloging agency DWCL-Main lib
Transcribing agency OC
082 ## - DEWEY DECIMAL CLASSIFICATION NUMBER
Edition number 1999 ed.
Classification number Fil. 343.053 B188t 1999
100 ## - MAIN ENTRY--PERSONAL NAME
Personal name Ballada , Win Lu
245 ## - TITLE STATEMENT
Title Transfer and business taxation made easy 1999 ed./
Statement of responsibility, etc. Ballada , Win Lu
250 ## - EDITION STATEMENT
Edition statement 1999 ed.
260 ## - PUBLICATION, DISTRIBUTION, ETC.
Place of publication, distribution, etc. Manila :
Name of publisher, distributor, etc. DomDane Publishers,
Date of publication, distribution, etc. c1999.
300 ## - PHYSICAL DESCRIPTION
Extent various paging :
Dimensions 25 cm.
650 ## - SUBJECT ADDED ENTRY--TOPICAL TERM
Topical term or geographic name entry element Inheritance and transfer tax.
650 ## - SUBJECT ADDED ENTRY--TOPICAL TERM
Topical term or geographic name entry element Taxation.
942 ## - ADDED ENTRY ELEMENTS (KOHA)
Source of classification or shelving scheme Dewey Decimal Classification
Koha item type Book-Filipiniana
Edition 1999 ed.
Call number prefix Fil.
Suppress in OPAC No
952 ## - LOCATION AND ITEM INFORMATION (KOHA)
--
952 ## - LOCATION AND ITEM INFORMATION (KOHA)
--
Holdings
Withdrawn status Lost status Source of classification or shelving scheme Damaged status Not for loan Home library Current library Shelving location Date acquired Source of acquisition Cost, normal purchase price Total Checkouts Full call number Barcode Date last seen Copy number Price effective from Koha item type Uniform Resource Identifier
    Dewey Decimal Classification     College Library College Library Filipiniana 06/04/2007 Donation 0.00   Fil. 343.053 B188t 1999 CL44660 11/25/2025 c1 11/25/2025 BK-FIL
    Dewey Decimal Classification     College Library College Library Filipiniana 06/04/2007 Donation 0.00   Fil. 343.053 B188t 1999 CL44661 11/25/2025 c2 11/25/2025 BK-FIL